An introduction to Koranic and classical Arabic : an elementary grammar of the language / (Record no. 37278)
[ view plain ]
| 000 -LEADER | |
|---|---|
| fixed length control field | 01059nam a22002771a 4500 |
| 001 - CONTROL NUMBER | |
| control field | 2067026 |
| 005 - DATE AND TIME OF LATEST TRANSACTION | |
| control field | 20110718132436.0 |
| 008 - FIXED-LENGTH DATA ELEMENTS--GENERAL INFORMATION | |
| fixed length control field | 940203s1994 mdua b 001 0 eng |
| 010 ## - LIBRARY OF CONGRESS CONTROL NUMBER | |
| LC control number | 94001289 |
| 020 ## - INTERNATIONAL STANDARD BOOK NUMBER | |
| International Standard Book Number | 0936347406 |
| Terms of availability | |
| -- | 0.00 |
| 035 ## - SYSTEM CONTROL NUMBER | |
| -- | (DLC) 94001289 |
| 040 ## - CATALOGING SOURCE | |
| Original cataloging agency | DLC |
| Transcribing agency | DLC |
| Modifying agency | DLC |
| 050 00 - LIBRARY OF CONGRESS CALL NUMBER | |
| Classification number | PJ6307 |
| Item number | .T45 1994 |
| 082 00 - DEWEY DECIMAL CLASSIFICATION NUMBER | |
| Classification number | PJ 6307.T43 1994 |
| Edition number | 20 |
| 100 1# - MAIN ENTRY--PERSONAL NAME | |
| Personal name | Thackston, W. M. |
| Dates associated with a name | 1944- |
| Fuller form of name | (Wheeler McIntosh), |
| 245 13 - TITLE STATEMENT | |
| Title | An introduction to Koranic and classical Arabic : an elementary grammar of the language / |
| Statement of responsibility, etc | Wheeler M. Thackston. |
| Medium | [Text] |
| 260 ## - PUBLICATION, DISTRIBUTION, ETC. (IMPRINT) | |
| Place of publication, distribution, etc | Bethesda, Md. |
| Name of publisher, distributor, etc | Iranbooks |
| Date of publication, distribution, etc | c1994 |
| 300 ## - PHYSICAL DESCRIPTION | |
| Extent | xxv, 327 p. : ill. ; 23 cm. |
| 504 ## - BIBLIOGRAPHY, ETC. NOTE | |
| Bibliography, etc | Includes index |
| 630 00 - SUBJECT ADDED ENTRY--UNIFORM TITLE | |
| Uniform title | Korea - Preaching |
| 650 #0 - SUBJECT ADDED ENTRY--TOPICAL TERM | |
| Topical term or geographic name as entry element | Arabic language |
| General subdivision | English |
| Form subdivision | Textbooks for foreign speakers |
| 650 #0 - SUBJECT ADDED ENTRY--TOPICAL TERM | |
| Topical term or geographic name as entry element | Arabic language |
| General subdivision | Grammar |
| 906 ## - LOCAL DATA ELEMENT F, LDF (RLIN) | |
| a | 7 |
| b | cbc |
| c | orignew |
| d | 1 |
| e | ocip |
| f | 19 |
| g | y-gencatlg |
| 991 ## - | |
| -- | c-GenColl |
| -- | PJ6307 |
| -- | .T45 1994 |
| -- | Copy 1 |
| -- | BOOKS |
| Withdrawn status | Lost status | Source of classification or shelving scheme | Damaged status | Not for loan | Collection code | Home library | Current library | Shelving location | Date acquired | Source of acquisition | Cost, normal purchase price | Total Checkouts | Full call number | Barcode | Date last seen | Date checked out | Copy number | Price effective from | Koha item type | Total Renewals |
|---|---|---|---|---|---|---|---|---|---|---|---|---|---|---|---|---|---|---|---|---|
| Library of Congress Classification | General Circulation | AIU/NEGST - Tony Wilmot Memorial Library | AIU/NEGST - Tony Wilmot Memorial Library | General Stacks | 03/15/2010 | Purchase- Promove Media | 43.13 | 2 | PJ 6307.T43 1994 | R55161W3232 | 09/26/2019 | 01/03/2013 | 1 | 03/15/2010 | Books | |||||
| Library of Congress Classification | General Circulation | AIU/NEGST - Tony Wilmot Memorial Library | AIU/NEGST - Tony Wilmot Memorial Library | General Stacks | 03/15/2010 | Purchase- Promove Media | 43.13 | 3 | PJ 6307.T43 1994 | R56134X3232 | 09/26/2019 | 09/07/2018 | 2 | 03/15/2010 | Books | 1 |
